| 000 | 00466nam a2200169 i 4500 | ||
|---|---|---|---|
| 001 | 55497 | ||
| 003 | ES-MaACL | ||
| 005 | 20230906163147.0 | ||
| 007 | t| | ||
| 008 | 030922s1921 it ||||1| ita d | ||
| 100 | 0 |
_aDe Ruggiero, Roberto. _943076 |
|
| 245 | 1 | 0 |
_aIstituzioni di diritto civile / _cRoberto de Ruggiero. |
| 250 | _a3ยช ed. | ||
| 260 |
_aNapoli : _b[s.n.], _c1921 ( _fSangiovanni et figlio) |
||
| 300 |
_a2 v. ; _c25 cm. |
||
| 852 |
_aES-MaACL _jF-4602-3 |
||
| 999 |
_c55497 _d55497 |
||